000 00286nam a2200133Ia 4500
008 191201s2011 xx 000 0 und d
100 _aGUPTA,SL
245 0 _aSPSS 17.0 For Researchers
250 _a2nd
260 _aIBH
_bIBH
_c2011
300 _a345
650 _aBBA
942 _2ddc
_cBK
999 _c397
_d397